[Event "RUS-chT Premier League 2018"]
[Site "Sochi"]
[Date "2018.05.02"]
[Round "2"]
[White "Inarkiev, Ernesto"]
[Black "Vitiugov, Nikita"]
[Result "1/2-1/2"]
[WhiteElo "2680"]
[BlackElo "2735"]
[Annotator "TA"]
[PlyCount "117"]
[EventDate "2018.??.??"]
[EventCountry "RUS"]
[SourceTitle "playchess.com"]
[Source "ChessBase"]
[SourceQuality "1"]

{[%evp 19,117,16,17,11,15,18,12,18,32,18,32,3,12,-1,0,0,0,0,0,0,0,0,7,0,0,0,0,0,0,-10,-8,-15,13,12,18,0,36,24,25,25,24,22,21,20,26,23,41,12,12,12,21,0,26,26,26,26,48,16,17,0,48,33,48,48,111,111,124,112,127,127,118,108,127,111,127,0,0,0,0,0,0,0,0,0,0,0,0,0,0,0,0,0,0,0,0,0,0,0,0,0]} 1. e4 e5 2. Nf3 Nc6 3. Bc4 Bc5 4. O-O Nf6 5. d3 d6 6. c3 h6 7. Re1 O-O 8. Nbd2 a6 9. Nf1 Ba7 10. Bb3 Be6 {LiveBook: 64 Games. C54: Giuoco Piano: 4 c3 Nf6, main lines with 5 d4 and 5 d3} 11. Bxe6 fxe6 12. Be3 Bxe3 13. Rxe3 {[#]} Ne7 $146 ({Predecessor:} 13... Qd7 14. Ng3 Rad8 15. h3 Kh8 16. Qb3 Na5 17. Qc2 Qf7 18. b4 {1-0 (64) Eljanov,P (2734)-Bindrich,F (2598) Douglas 2017}) 14. h3 Ng6 15. g3 Qd7 16. N1h2 Rf7 17. Qb3 b6 18. Rf1 Raf8 19. h4 a5 20. a4 Kh8 21. Qd1 Kg8 22. Qb3 Kh8 23. Qd1 Kg8 24. Nd2 Qe8 25. Kg2 Rd7 26. Ng4 Rdf7 27. Nxf6+ (27. d4 {is more complex.} exd4 28. cxd4 Qd7 29. Nxf6+ Rxf6 30. f4) 27... Rxf6 (27... gxf6 {looks sharper.} 28. h5 Ne7 29. Qb3 Kh7 30. d4 Qd7) 28. Rf3 Rxf3 29. Nxf3 {[%cal Bd2f3,Bf3h2,Bh2g4][%mdl 32]} Ne7 30. Nh2 Kh8 31. Ng4 Ng8 32. d4 Nf6 33. dxe5 Nxg4 34. Qxg4 dxe5 $14 {[%mdl 4096] Endgame KQR-KQR} 35. b3 Qf7 36. Qe2 Qe7 37. Rd1 Kh7 38. Qc4 Qf6 39. Qe2 (39. Rd2 {seems wilder.} Qf3+ 40. Kg1 Qg4 41. b4 Rf7 42. Qe2) 39... Qe7 40. Rd3 Kg8 41. Qd2 Qf6 {[#]} (41... Qc5 $14) 42. b4 $1 $16 Qg6 43. f3 Qf6 44. bxa5 bxa5 45. c4 Ra8 46. Qb2 Kh7 47. c5 (47. Qb5 $16) 47... Rd8 $1 $11 {[%cal Rd8d3] The position is equal.} 48. Rxd8 Qxd8 49. Qxe5 {KQ-KQ} Qd7 $1 50. Kh3 Qxa4 51. Qxe6 {[#] Qf5+ is the strong threat.} Qd1 52. Qf5+ Kh8 53. Qf7 a4 54. e5 a3 55. e6 Qf1+ 56. Kg4 Qc4+ 57. Kh3 Qf1+ 58. Kg4 {Intending e7 and mate.} Qc4+ 59. Kh3 {Precision: White = 56%, Black = 56%.} 1/2-1/2

[Event "RUS-chT Premier League 2018"]
[Site "Sochi"]
[Date "2018.05.02"]
[Round "2"]
[White "Kamsky, Gata"]
[Black "Bocharov, Dmitry"]
[Result "1-0"]
[WhiteElo "2670"]
[BlackElo "2594"]
[Annotator "TA"]
[PlyCount "67"]
[EventDate "2018.??.??"]
[EventCountry "RUS"]
[SourceTitle "playchess.com"]
[Source "ChessBase"]
[SourceQuality "1"]

{[%evp 19,67,0,20,0,15,11,14,11,11,6,35,43,47,52,42,31,29,14,36,44,95,89,95,34,45,36,35,35,94,77,81,44,83,84,94,79,152,137,160,151,164,170,189,189,185,114,218,222,6309,6295]} 1. d4 Nf6 2. Nf3 d5 3. c4 e6 4. g3 Bb4+ 5. Bd2 Be7 6. Bg2 O-O 7. O-O Nbd7 8. Qc2 Ne4 9. Rd1 c6 10. Be1 {E11: Bogo-Indian} f5 {LiveBook: 14 Games} 11. Nfd2 (11. Nc3 Bd6 12. e3 g5 13. Ne2 Qe8 14. b4 Qh5 15. a4 Ndf6 16. b5 Bd7 17. Rab1 Rac8 18. bxc6 Bxc6 {0-1 (26) Ivanchuk,V (2726)-Andreikin,D (2712) Huaian 2017}) 11... Bf6 $146 ({Predecessor:} 11... Ndf6 12. f3 Ng5 13. Nc3 Qe8 14. e3 Qh5 15. Ne2 Nh3+ 16. Kh1 g5 17. Ng1 Nxg1 18. Kxg1 {1-0 (35) Nguyen,D (2496)-Le,K (2199) Ho Chi Minh City 2014}) 12. e3 {The position is equal.} Qe7 13. f3 Nd6 14. Bf2 Kh8 15. Nc3 Nxc4 16. Nxc4 dxc4 17. f4 Nb6 18. e4 {e5 is the strong threat.} Qf7 19. a4 {[%cal Ba2a4,Ba4a5][%mdl 32]} Bd7 (19... a5 $14) 20. a5 $16 Nc8 21. exf5 (21. Qe2 $16) 21... exf5 $14 22. d5 {[%cal Bd4d5,Bd5d6][%mdl 32]} Ne7 23. d6 Ng8 (23... Nc8 $14) 24. Qd2 Bxc3 25. Qxc3 Nf6 26. Re1 $1 $36 {[%cal Re1e7][%mdl 2048] Strongly threatening Re7. Keeping Black busy.} Be6 27. a6 {Threatens to win with axb7.} bxa6 (27... b6 $142) 28. Rxa6 $16 Bd5 {[#] White should prevent ...Bxg2.} 29. Re7 $1 {[%cal Re7f7]} Qh5 {[#]} 30. Bd4 $1 {[%cal Rd4f6] Hoping for Bxf6.} Rf7 31. Bxf6 gxf6 32. Bxd5 ({Better is} 32. Re1 $18) 32... cxd5 (32... Qd1+ $16 33. Kf2 Rxe7 34. dxe7 Qxd5) 33. Qd4 $18 Kg8 $2 (33... c3 34. bxc3 (34. Qxd5 Rb8 $11) 34... Rb8) 34. Qxd5 {Precision: White = 77%, Black = 42%.} 1-0

[Event "RUS-chT Premier League 2018"]
[Site "Sochi"]
[Date "2018.05.02"]
[Round "2"]
[White "Riazantsev, Alexander"]
[Black "Yuffa, Daniil"]
[Result "0-1"]
[WhiteElo "2662"]
[BlackElo "2566"]
[Annotator "TA"]
[PlyCount "204"]
[EventDate "2018.??.??"]
[EventCountry "RUS"]
[SourceTitle "playchess.com"]
[Source "ChessBase"]
[SourceQuality "1"]

{[%evp 11,204,27,39,28,13,15,35,32,66,58,100,102,98,87,99,79,108,109,109,93,101,61,71,54,77,69,92,89,93,109,103,57,129,108,125,122,234,97,120,117,121,117,108,72,147,136,157,148,148,143,138,132,142,142,142,142,159,150,159,159,159,159,159,120,142,142,142,142,142,142,150,109,150,150,159,135,135,135,150,135,159,159,159,145,159,135,159,135,159,159,159,159,159,159,159,159,157,157,152,135,135,135,135,135,135,135,135,53,135,81,81,39,39,39,53,53,60,53,53,53,53,53,95,53,53,53,53,53,53,0,53,0,53,0,53,53,53,53,53,53,53,61,102,92,86,90,104,54,107,92,87,0,0,0,0,-20,0,-310,-295,-302,-304,-294,-295,-256,-256,-284,-271,-318,-154,-233,-229,-282,-265,-260,-238,-306,-248,-241,-219,-29988,-29989,-29989,-29990,-29996,-29980,-29997,-1449,-950,-935,-783,-747,-755,-707,-651,-644]} 1. d4 d5 2. c4 c6 3. Nc3 Nf6 4. e3 a6 5. Nf3 b5 6. b3 Bg4 7. a4 {[%cal Ra4b5] D15: Slav Defence: 4 Nc3 a6 and gambit lines after 4 Nc3 dxc4} bxc4 8. bxc4 e6 9. c5 {White is slightly better.} Nbd7 10. a5 g6 $146 ({Predecessor:} 10... e5 11. Qa4 Bxf3 12. gxf3 Qc7 13. Bh3 Be7 14. O-O O-O {½-½ (47) Karjakin,S (2756)-Solak,D (2618) Antalya 2013}) 11. Qa4 $1 Bxf3 12. gxf3 Qc8 13. Na2 {[%cal Bc3a2,Ba2b4,Bb4d3,Bd3e5][%mdl 32]} Bg7 14. Nb4 Nb8 15. f4 O-O 16. f3 Ne8 17. Ra2 Qd7 18. h4 h5 19. Nd3 Nc7 20. Ne5 Qe8 21. Rg2 Nb5 (21... Nd7 $1 $14) 22. Qc2 $16 Ra7 23. Bd3 Qd8 (23... Kh8 $16 24. Bd2 Bf6) 24. Bd2 (24. Rhg1 $18 {has better winning chances.}) 24... Rb7 25. Ke2 Na3 26. Qa2 Nb5 27. Kf1 Re8 ({Black should try} 27... Bf6) 28. Be1 Kf8 29. Rhg1 Bxe5 30. fxe5 ({Stronger than} 30. dxe5 d4 $11) 30... Ke7 31. Rb2 Kd7 32. Rb1 Kc8 33. Qh2 Ree7 34. Qf4 Rbd7 35. Kg2 Kb7 36. Kh3 Ka7 37. Qf6 Rb7 38. Rg2 {[%cal Bg1g2,Bg2b2,Bb2b4][%mdl 32]} Nd7 39. Qg5 Nb8 40. Rgb2 Qe8 41. Rb4 Qd8 42. R4b3 Qe8 43. Bg3 {[%cal Be1g3,Bg3f4,Bf4g5,Bg5f6][%mdl 32]} Qd8 44. Ra1 Red7 45. Bf4 Qe8 46. Rab1 Rbc7 47. Qf6 Rc8 48. Rg1 Rcc7 49. Rb2 Rb7 50. Bg5 Rbc7 51. Qf4 Rb7 52. Bf6 Rbc7 53. Qh6 Rb7 54. Rb3 Rbc7 55. Qh8 Qxh8 56. Bxh8 Rd8 57. Bf6 Re8 58. Kg3 Nd7 59. Kf4 (59. Bg5 $16) 59... Kb7 (59... Nxf6 $14 60. exf6 Rcc8) 60. Kg5 (60. Bg5 $142) 60... Rcc8 61. Kh6 Nxf6 62. exf6 Rh8+ 63. Kg5 Kc7 64. Kf4 Rcd8 65. Ke5 Rd7 66. Rg5 Rf8 67. Rb2 Kc8 68. Rbg2 Kd8 69. R5g3 Re8 70. Rg5 Rf8 $1 71. Rb2 Kc8 $1 72. Rb3 (72. Rg1 $14) 72... Kd8 ({Black should play} 72... Kc7 $1 $11) 73. Rb1 Kc8 74. Rbg1 Kd8 75. R5g2 Re8 76. Bxg6 fxg6 77. Rxg6 Na3 78. Rg7 $1 {[%cal Rg7d7]} Nc4+ 79. Kf4 {Rxd7+ is the strong threat.} e5+ ({Better is} 79... Rf8 $14 80. Kg5 Nxe3) 80. Kg5 $1 Nxe3 81. Rb1 (81. dxe5 $1 $16 {Strongly threatening f4.} Rxe5+ 82. Kf4) 81... Rxg7+ $11 82. fxg7 {[%mdl 4096] Endgame White threatens Rb8+ and mate. KRN-KR} Ke7 {aiming for ...Kf7.} 83. dxe5 d4 {[%cal Bd5d4,Bd4d3][%mdl 32] White must now prevent ...d3.} 84. Rb4 $2 {[%mdl 8192]} (84. f4 $11 Kf7 85. Rb7+ Kg8 86. f5) 84... d3 $1 $19 {[%cal Rd3d2]} 85. Rd4 {[#]} Rg8 $1 86. Rxd3 Rxg7+ 87. Kxh5 {[#]} Nd5 $1 88. Kh6 Rg3 89. h5 Rh3 (89... Ke6 $19 {is more deadly.} 90. Rb3 Kf5) 90. Rb3 (90. Rd1 $17) 90... Ke6 91. Kg5 Rg3+ 92. Kh4 Rg1 93. h6 {If White can now play Rb7 this consolidates a bit.} Kxe5 {Threatens to win with ...Kf4.} 94. Rb7 Nf6 95. Rc7 $2 (95. Rf7 $19) 95... Kf4 {[%cal Rg1h1]} 96. Kh3 Kxf3 {[%cal Rg1h1]} 97. Kh4 Rg4+ 98. Kh3 Rg6 (98... Rg5 $142 99. Kh2 Kf2 100. Rxc6 Rh5#) 99. Kh4 {Black is clearly winning.} Kf4 {[%cal Rg6h6]} 100. Kh3 Rxh6+ 101. Kg2 Rg6+ 102. Kf1 Ne4 {Precision: White = 45%, Black = 55%.} 0-1

[Event "RUS-chT Premier League 2018"]
[Site "Sochi"]
[Date "2018.05.02"]
[Round "2"]
[White "Motylev, Alexander"]
[Black "Matlakov, Maxim"]
[Result "1/2-1/2"]
[WhiteElo "2660"]
[BlackElo "2704"]
[Annotator "TA"]
[PlyCount "81"]
[EventDate "2018.??.??"]
[EventCountry "RUS"]
[SourceTitle "playchess.com"]
[Source "ChessBase"]
[SourceQuality "1"]

{[%evp 31,81,74,75,81,101,66,66,65,75,35,43,42,42,42,42,42,42,42,58,35,34,31,34,33,37,35,29,20,20,25,27,16,27,0,0,0,16,8,27,27,41,41,41,41,41,41,41,41,41,41,41,0]} 1. e4 e5 2. Nf3 Nc6 3. Bb5 a6 4. Ba4 Nf6 5. O-O Nxe4 6. d4 b5 7. Bb3 d5 8. dxe5 Be6 9. Nbd2 Be7 10. c3 O-O 11. Qe2 Nc5 12. Nd4 Nxd4 {C83: Open Ruy Lopez: 9 c3 Be7} 13. cxd4 Nxb3 14. Nxb3 c5 15. Nxc5 Bxc5 16. dxc5 d4 {LiveBook: 3 Games} 17. Qe4 {[#]} a5 $146 ({Predecessor:} 17... Rc8 18. Bd2 Re8 19. Rfc1 Qd5 20. Qxd5 Bxd5 {½-½ (29) Yu,Y (2743)-Vidit,S (2687) Chengdu 2017}) 18. Rd1 Qc7 19. Rxd4 {Be3 is the strong threat.} Qxc5 20. Be3 Rac8 21. Rd8 Qc2 22. Rxf8+ Kxf8 23. Qd4 h6 24. h3 {[#] Hoping for Rc1.} Qe2 25. a3 Kg8 26. Qd2 Qxd2 27. Bxd2 $14 {[%mdl 4096] Endgame KRB-KRB} Rc2 28. Bxa5 {Black must now prevent Bc3.} Rxb2 29. Rd1 Kh7 30. Bb4 h5 31. Rd4 g5 32. g4 Re2 33. Bd6 Rc2 34. Be7 hxg4 (34... Kh6 {looks sharper.} 35. Kf1 Rc1+ 36. Kg2 Re1 37. Bf6 Ra1) 35. hxg4 Rc4 36. Rxc4 {White is slightly better.} Bxc4 37. f3 Kg6 38. Kf2 Bd5 39. Ke3 Bb7 40. Bf6 Bc6 41. Be7 {Precision: White = 51%, Black = 66%.} 1/2-1/2

[Event "RUS-chT Premier League 2018"]
[Site "Sochi"]
[Date "2018.05.02"]
[Round "2"]
[White "Khismatullin, Denis"]
[Black "Artemiev, Vladislav"]
[Result "1-0"]
[WhiteElo "2632"]
[BlackElo "2701"]
[Annotator "TA"]
[PlyCount "113"]
[EventDate "2018.??.??"]
[EventCountry "RUS"]
[SourceTitle "playchess.com"]
[Source "ChessBase"]
[SourceQuality "1"]

{[%evp 17,113,43,68,68,60,54,58,58,86,52,77,50,58,38,80,47,47,48,132,124,124,108,114,110,120,105,152,104,94,87,93,88,83,85,82,30,35,8,2,2,57,0,0,0,56,66,114,112,118,112,115,112,128,128,128,111,120,128,125,118,118,118,118,114,118,117,118,118,124,120,269,269,269,275,275,262,255,255,255,205,232,233,487,471,1662,1667,1558,1558,29990,29991,29991,29992,29992,29993,29993,29992,29992,29993]} 1. e4 {[%cal Be2e4,Be4e5][%mdl 32]} c6 2. d4 d5 3. e5 Bf5 4. Nf3 e6 5. Be2 Nd7 6. O-O Bg6 7. a4 {B12: Caro-Kann: Advance Variation} (7. Nbd2 Nh6 8. Nb3 Nf5 9. c3 Rc8 10. g4 Ne7 11. Be3 h5 12. h3 hxg4 13. hxg4 Be4 14. Nbd2 c5 {1-0 (56) Anand,V (2776)-Artemiev,V (2697) Moscow 2018}) 7... Nh6 8. a5 Nf5 9. c3 Be7 {LiveBook: 3 Games} 10. g4 Nh4 $146 ({Predecessor:} 10... Nh6 11. Ne1 Ng8 12. f4 Bxb1 13. Rxb1 Qxa5 14. f5 Qb6 {1-0 (26) Hovhannisyan,R (2595)-Minasian,A (2491) Tsaghkadzor 2017}) 11. Nxh4 Bxh4 12. f4 {Hoping for f5.} f5 13. c4 Be7 14. cxd5 cxd5 15. a6 b5 16. Bxb5 {And now Qa4 would win.} O-O 17. g5 Rc8 {[#]} (17... Nb8 $14) 18. Bd2 $1 $16 Nb6 19. Ba5 Rb8 20. Nc3 Be8 21. Be2 Bc6 22. b3 Qd7 23. Qd2 Na8 24. Rab1 Nc7 25. Rfc1 Rfc8 26. Rc2 (26. b4 $16 {aiming for b5!} Nb5 27. Rb3) 26... Nb5 $1 $11 27. Rbc1 Na3 28. Rb2 Nb5 (28... Bb5 $11) 29. Rbc2 Na3 30. Rb2 Nb5 31. b4 $36 {[%cal Bb3b4,Bb4b5][%mdl 2080] White has some pressure.} Na3 32. b5 $1 {[%cal Rb5c6]} Ba8 33. Bb4 Nc4 34. Bxc4 $1 dxc4 35. Bxe7 Qxe7 36. h3 Rd8 37. Qe3 Rd7 38. Rd1 {[%cal Bc1d1,Bd1d2,Bd2b2][%mdl 32]} Bd5 39. Kh2 Qd8 40. Rdd2 Qb6 41. Rb4 {[%cal Bb2b4,Bb4a4,Ba4a1,Ba1g1][%mdl 32]} Qc7 42. Rdb2 Rdd8 43. Na4 Rdc8 {[#]} (43... Qa5 $16 44. Kg3 Re8) 44. Qc3 $1 $18 Rb6 45. Nxb6 Qxb6 46. Ra4 Kf7 47. Kg3 Kg6 48. Kf2 h6 49. gxh6 gxh6 $2 (49... Kxh6 {was called for.} 50. Ra1 Kh7) 50. Ra1 Kh5 (50... Kf7 $142 51. Rg1 Rg8 52. Rxg8 Kxg8) 51. Rg1 Qd8 52. Qe3 {Intending Qe2+ and mate.} Be4 53. Qe2+ {White mates.} Kh4 54. Rg4+ Kxh3 55. Rg3+ Kh4 56. Qe3 Kh5 57. Kg1 {Precision: White = 68%, Black = 54%.} 1-0

[Event "RUS-chT Premier League 2018"]
[Site "Sochi"]
[Date "2018.05.02"]
[Round "2"]
[White "Zvjaginsev, Vadim"]
[Black "Goganov, Aleksey"]
[Result "1-0"]
[WhiteElo "2625"]
[BlackElo "2570"]
[Annotator "TA"]
[PlyCount "79"]
[EventDate "2018.??.??"]
[EventCountry "RUS"]
[SourceTitle "playchess.com"]
[Source "ChessBase"]
[SourceQuality "1"]

{[%evp 9,79,12,15,-6,0,0,-8,-14,0,0,0,7,2,-26,4,-9,4,-62,-8,0,-17,-9,-16,-22,-13,-9,69,66,65,81,75,73,66,68,95,88,95,95,95,95,95,95,97,86,94,93,95,90,100,100,89,61,89,88,144,143,134,120,220,216,572,525,561,575,558,531,638,605,1014,993,1015,1008]} 1. Nf3 d5 2. g3 c6 3. Bg2 Bg4 4. b3 Nd7 5. Bb2 e6 {LiveBook: 187 Games} 6. e3 $146 {A07: Réti Opening: New York and Capablanca Systems} ({Predecessor:} 6. O-O Ngf6 7. c4 Be7 8. d4 Bf5 9. Nc3 Ne4 10. e3 O-O 11. Qe2 Nxc3 12. Bxc3 a5 13. Nd2 Nf6 14. a3 Qb6 15. Rfc1 Rfc8 16. c5 {½-½ (23) Galkin,A (2615)-Gurevich,M (2596) Konya 2012}) 6... Ngf6 7. h3 Bh5 8. Nc3 {The position is equal.} Ne5 9. g4 Nxf3+ 10. Qxf3 Bg6 11. d3 Bd6 12. Qe2 Qe7 13. O-O (13. O-O-O $11) 13... Ba3 (13... Nd7 $15) 14. Bxa3 $11 Qxa3 15. f4 {[%cal Bf2f4,Bf4f5][%mdl 32]} O-O-O 16. Qf2 Nd7 17. e4 $36 {[%mdl 2048] [#] Strongly threatening f5. White has some pressure.} dxe4 ({Better is} 17... Qa5 $11) 18. f5 $1 $14 {[%cal Rf5g6]} exf5 19. gxf5 Bh5 {And now ...exd3 would win.} 20. Nxe4 Nf6 21. Nxf6 gxf6 22. Qh4 Qc5+ 23. Rf2 Qd4 24. Qxd4 Rxd4 25. Be4 Rg8+ 26. Rg2 Rg5 27. Kf2 Rd8 28. Rag1 Rdg8 29. Ke3 Kc7 30. d4 a5 31. c4 h6 {[#]} ({Black should try} 31... b6) 32. h4 $1 $16 {[%cal Rh4g5]} Rxg2 33. Rxg2 Rxg2 (33... Rh8 $16 {was called for.} 34. Rg7 Kd6) 34. Bxg2 {[%mdl 4096] Endgame KB-KB} Bg4 $2 (34... Bd1 {is tougher.} 35. Kf4 b6) 35. Kf4 $18 {White is clearly winning.} Bd1 36. Bf3 Bc2 37. Kg4 Bb1 38. a3 Ba2 39. Kh5 Bxb3 40. c5 {Precision: White = 77%, Black = 29%.} 1-0

[Event "RUS-chT Premier League 2018"]
[Site "Sochi"]
[Date "2018.05.02"]
[Round "2"]
[White "Alekseev, Evgeny"]
[Black "Bezgodov, Alexei"]
[Result "1/2-1/2"]
[WhiteElo "2622"]
[BlackElo "2473"]
[Annotator "TA"]
[PlyCount "81"]
[EventDate "2018.??.??"]
[EventCountry "RUS"]
[SourceTitle "playchess.com"]
[Source "ChessBase"]
[SourceQuality "1"]

{[%evp 22,81,19,13,31,21,29,20,33,25,60,58,55,44,98,102,112,94,89,75,95,63,102,106,176,91,95,80,109,50,54,55,60,45,80,27,34,21,35,16,14,14,14,11,20,4,73,58,121,125,114,21,22,8,7,0,3,0,0,0,0,0]} 1. Nf3 Nf6 2. c4 e6 3. Nc3 d5 4. e3 c5 5. cxd5 exd5 6. d4 Nc6 7. Bb5 cxd4 8. Nxd4 Bd7 {D32: Tarrasch Defence: Sidelines and lines without g3} 9. Nf3 Be6 10. O-O Bd6 11. b3 O-O 12. Bb2 {LiveBook: 4 Games} Ne5 $146 ({Predecessor:} 12... a6 13. Bd3 Bg4 14. h3 Bh5 15. Be2 Re8 16. Nh4 Bg6 17. Nxg6 hxg6 {½-½ (56) Carlsen,M (2832)-Grischuk,A (2750) chess.com INT 2017}) 13. Nd4 Rc8 14. Rc1 Qe7 15. Bd3 Bg4 16. Be2 Bxe2 17. Ndxe2 Rcd8 {[#]} (17... Ng6 $14) 18. Nb5 $1 $16 ({Not} 18. Nxd5 $2 Nxd5 19. Qxd5 {[#]} Nd3 $1 $19 {[%mdl 512]}) 18... a6 19. Nxd6 Qxd6 20. Ng3 Rfe8 21. Qc2 h5 22. Rfd1 Rc8 (22... Nc6 $16 {keeps fighting.}) 23. Qe2 (23. Qxc8 $18 Rxc8 24. Rxc8+ Kh7 25. h3) 23... Rxc1 24. Rxc1 g6 25. h3 (25. Qc2 $16) 25... Ne4 $1 $14 26. Nf1 Nc6 27. Rd1 Qe6 28. Nh2 (28. Qd3 $16) 28... f6 $11 29. Nf3 Kf7 30. Rc1 Rc8 31. Qd1 Ne7 32. Nd4 {[%cal Bf3d4,Bd4e2,Be2f4][%mdl 32]} Qd7 33. Ne2 Qf5 (33... Rxc1 $11 34. Bxc1 (34. Qxc1 Qb5 $14) (34. Nxc1 Qc7 $14) 34... Qb5) 34. f3 {Rxc8 is the strong threat.} Ng5 (34... Nd6 $14) 35. Rxc8 $16 Qxc8 36. Nf4 (36. Ba3 $16) 36... Qc5 $11 {The position is equal.} 37. Bd4 Qc6 38. Bb2 Ne6 39. Nxe6 Qxe6 40. Kf2 h4 41. Qd4 {Precision: White = 42%, Black = 47%.} 1/2-1/2

[Event "RUS-chT Premier League 2018"]
[Site "Sochi"]
[Date "2018.05.02"]
[Round "2"]
[White "Bologan, Victor"]
[Black "Lomasov, Semen"]
[Result "1-0"]
[WhiteElo "2610"]
[BlackElo "2550"]
[Annotator "TA"]
[PlyCount "73"]
[EventDate "2018.??.??"]
[EventCountry "RUS"]
[SourceTitle "playchess.com"]
[Source "ChessBase"]
[SourceQuality "1"]

{[%evp 12,73,35,29,41,28,59,39,43,-25,0,0,0,7,-3,0,116,108,116,116,111,108,108,113,116,105,108,108,106,110,163,135,139,103,131,122,196,116,267,141,145,108,109,104,97,96,141,135,166,172,227,227,239,217,538,391,681,656,668,662,835,827,818,818]} 1. d4 Nf6 2. c4 e6 3. Nf3 Bb4+ 4. Bd2 a5 5. a3 Bxd2+ 6. Qxd2 d6 7. Nc3 {LiveBook: 41 Games. E11: Bogo-Indian} Nc6 (7... O-O 8. g3 Nbd7 9. Bg2 e5 10. b3 exd4 11. Nxd4 Nb6 12. Ndb5 Nfd7 13. Qc2 a4 14. b4 Nxc4 {1-0 (54) Lysyj,I (2668)-Najer,E (2681) Sochi 2016}) 8. g4 Nxg4 $146 ({Predecessor:} 8... d5 9. e3 O-O 10. Bd3 dxc4 11. Bxc4 e5 12. g5 exd4 13. gxf6 dxc3 14. Qxc3 Qxf6 15. Qxf6 gxf6 {0-1 (46) Ratkovic,M (1916)-Stankovic,M (2325) Belgrade 2014}) 9. Rg1 $1 {[%cal Rg1g4] White is slightly better.} e5 10. d5 (10. dxe5 $1 $14 Ncxe5 11. Nxe5 Nxe5 12. Rxg7) 10... Ne7 11. h3 $1 {[%cal Rh3g4]} Nf6 12. Rxg7 Bf5 {aiming for ...Bg6.} 13. Rg1 $36 {[%mdl 2048] White is more active.} Qd7 (13... Rg8 $11 {remains equal.}) 14. Qg5 $16 Ne4 15. Nxe4 Bxe4 {[#]} 16. Nxe5 $1 {[%mdl 512]} Qf5 (16... dxe5 17. Qxe5) 17. Qxf5 Nxf5 18. Ng4 Ke7 19. f3 Bc2 20. Rc1 Nd4 (20... Ba4 $16) 21. Ne3 Bg6 22. h4 Rhe8 23. Kf2 Kf8 (23... c5 $16 {was called for.} 24. dxc6 bxc6) 24. Rc3 (24. c5 $18) 24... h5 $2 (24... c5 $16 25. Ng4 Kg7) 25. Bh3 (25. Ng2 $18) 25... c5 26. dxc6 bxc6 27. Rd1 c5 28. Rd2 Rab8 {[#]} 29. Bd7 $1 {[%cal Rd7e8]} Re5 30. Ba4 f6 (30... Re7 {was necessary.} 31. Bb5 Re5) 31. Nd5 $18 Kf7 32. Nf4 Rb6 $2 (32... Bb1 33. e3 Rf5) 33. e3 Nf5 $2 (33... Rf5 34. Kg3 (34. exd4 Rxf4 35. dxc5 dxc5 $16) 34... Rxf4 35. Kxf4 Ne6+ 36. Kg3 Ng7) 34. Nxg6 {White is clearly winning.} Kxg6 35. Bc2 Rb8 36. f4 Ree8 37. Kf3 {Precision: White = 67%, Black = 24%.} 1-0

[Event "RUS-chT Premier League 2018"]
[Site "Sochi"]
[Date "2018.05.02"]
[Round "2"]
[White "Ponkratov, Pavel"]
[Black "Romanov, Evgeny"]
[Result "1-0"]
[WhiteElo "2601"]
[BlackElo "2619"]
[Annotator "TA"]
[PlyCount "126"]
[EventDate "2018.??.??"]
[EventCountry "RUS"]
[SourceTitle "playchess.com"]
[Source "ChessBase"]
[SourceQuality "1"]

{[%evp 10,126,29,24,23,0,0,0,0,0,0,4,17,5,0,-5,-15,-32,0,0,0,0,0,-3,0,0,-16,0,0,-9,0,-22,-8,-8,0,0,15,-22,69,65,63,36,75,73,72,82,123,80,80,0,133,67,70,85,111,118,124,138,218,111,108,107,113,91,100,0,95,96,134,109,125,105,135,118,205,202,196,206,223,189,177,166,303,285,297,295,372,371,293,187,137,48,89,0,0,0,495,483,29964,11016,5929,5306,1915,1729,29978,29979,29979,29980,29980,29977,29981,29978,29978,29978,29980,29981,29979,29980,1919]} 1. d4 d5 2. Nf3 Nf6 3. g3 c6 4. Bg2 Bf5 5. Nh4 Be6 6. O-O {LiveBook: 4 Games. D02: 1 d4 d5 2 Nf3 sidelines, including 2...Nf6 3 g3 and 2...Nf6 3 Bf4} g6 7. f3 $146 ({Predecessor:} 7. b3 Bg7 8. Bb2 O-O 9. Nd2 a5 10. c4 Na6 11. Qc2 Rc8 12. Rac1 c5 13. dxc5 Rxc5 14. Bd4 Rc8 15. Qb2 Nb4 16. cxd5 Rxc1 17. Rxc1 Bxd5 18. Nhf3 {0-1 (61) Demidov,M (2498)-Geller,J (2504) Loo 2014}) 7... c5 8. dxc5 {The position is equal.} Bg7 9. f4 Qc8 10. Be3 O-O 11. c3 Bh3 12. Nd2 Bxg2 13. Kxg2 Na6 14. Nb3 Rd8 15. Bd4 Ne4 16. Nf3 Naxc5 17. Nxc5 Nxc5 18. Bxg7 Kxg7 19. Qd4+ Kg8 20. Rad1 {[%cal Ba1d1,Bd1d3,Bd3d4][%mdl 32]} Ne4 21. Rd3 b5 22. Ng5 Qf5 23. Qe3 e5 ({Black should try} 23... Nd6 $11) 24. h4 $1 $14 {Strongly threatening fxe5.} Nxg5 25. hxg5 (25. fxg5 $5 {[%cal Rf1f5]} Qe6 26. Rf6 $14) 25... e4 26. Rd4 a5 27. Rfd1 Rd7 28. Qd2 {[%cal Rd4d5]} Qg4 29. Qe3 ({Better is} 29. Qc2) 29... Qf5 $1 $16 30. R1d2 (30. a4 $16) 30... Rb8 31. Qg1 a4 32. Qd1 {[%cal Rd4d5]} Rbd8 33. Rb4 Rb8 {[#]} (33... h6 $16 {was necessary.}) 34. e3 (34. c4 $1 $18 {[%mdl 512]}) 34... Qe6 35. a3 Rb6 36. Rbd4 {[%cal Rd4d5]} Rbd6 37. Rb4 Rb6 38. Qe2 Rdb7 39. Qf1 Kg7 40. Qh1 Rd6 41. Qh3 Rc6 (41... Qe7 $16) 42. Rbd4 $18 Rc5 43. g4 Kg8 44. Kg3 Rd7 45. Qh4 Rc4 (45... Rc8 $142 46. Rh2 Kf8 47. Qxh7 Ke7) 46. Rh2 $1 f6 47. gxf6 Rxd4 48. cxd4 {[%mdl 4096] Endgame KQR-KQR} Qc6 49. Qg5 {aiming for Qe5.} Rf7 50. f5 (50. Qe5 $16 {White threatens Qb8+ and mate.} Rxf6 51. f5) 50... Rxf6 51. Rc2 (51. Rh1 $1 $16) 51... Qxc2 $11 52. Qxf6 {Qd8+ would kill now. KQ-KQ} Qe2 $2 {[%mdl 8192]} (52... Qc7+ $1 $11 {and Black is okay.} 53. Qe5 Qxe5+ 54. dxe5 gxf5 55. gxf5 Kf7) 53. Qd8+ $18 Kg7 {[#]} (53... Kf7 $18 54. Qxd5+ Kg7 55. Qxe4 Qe1+ 56. Kf4 Qh4) 54. Qe7+ $1 Kg8 {[#]} 55. Kf4 $1 {Intending f6 and mate.} gxf5 56. gxf5 {[%cal Bg4f5,Bf5f6][%mdl 32]} Qf3+ 57. Ke5 {White mates.} Qxe3 58. Qe8+ Kg7 59. f6+ Kh6 60. Qf8+ Kh5 61. Qf7+ Kg4 62. Qg7+ Kf3 63. f7 Qf4+ {Precision: White = 67%, Black = 44%.} 1-0